| 000 | 00360 a2200157 4500 | ||
|---|---|---|---|
| 001 | 153204 | ||
| 040 | _cEscola São Tomás de Aquino | ||
| 100 | _aSCLIAR, Moacyr | ||
| 240 | 1 | 0 |
_aUma história só pra mim. _lpor |
| 245 | 1 | 0 | _aUma história só pra mim. |
| 300 | _a64 | ||
| 362 | 0 | _a2014 | |
| 440 | 1 | _aAtual | |
| 697 | _a*LITERATURA JUVENIL | ||
| 942 | _cBK | ||
| 999 |
_c153204 _d153204 |
||